000 00690nam a2200217 a 4500
001 14268
003 CO-ViMGA
008 141112s2004 ck r 000 u spa d
020 _a9588051193
040 _aCO-ViMGA
_bspa
_cCO-ViMGA
082 0 4 _a363.4509861 P151g
100 1 _aPalacio C., German
_920885
245 1 0 _aGlobalizaciones, estado y narcotrafico
260 _aSantafé de Bogotá :
_bUniversidad Nacional de Colombia. Facultad de Derecho,
_cCiencias Políticas y Sociales,
_c1998
300 _a186
650 1 4 _aCONTROL DE DROGAS
_920886
650 1 4 _aCRIMEN ORGANIZADO
_913033
650 1 4 _aGLOBALIZACION
650 1 4 _aTRAFICO DE DROGAS Y NARCOTICOS
_97819
942 _2ddc
_cBK
999 _c24966
_d24966